Eneida / (Record no. 167698)
[ view plain ]
| 000 -LEADER | |
|---|---|
| campo de control de longitud fija | 00838nam a2200217 i 4500 |
| 001 - NÚMERO DE CONTROL | |
| campo de control | 167698 |
| 003 - IDENTIFICADOR DE NÚMERO DE CONTROL | |
| campo de control | ES-MaACL |
| 005 - FECHA Y HORA DE LA ÚLTIMA TRANSACCIÓN | |
| campo de control | 20250628040022.0 |
| 008 - DATOS DE LONGITUD FIJA--INFORMACIÓN GENERAL | |
| campo de control de longitud fija | 960726s1879 sp |||| | spa d |
| 100 1# - ENTRADA PRINCIPAL--NOMBRE DE PERSONA | |
| Nombre de persona | Virgilio Marón, Publio. |
| 9 (RLIN) | 115452 |
| 245 10 - MENCIÓN DEL TÍTULO | |
| Título | Eneida / |
| Mención de responsabilidad, etc. | por Publio Virgilio Maron ; traducción en versos castellanos por Miguel Antonio Caro. |
| 260 ## - PUBLICACIÓN, DISTRIBUCIÓN, ETC. | |
| Lugar de publicación, distribución, etc. | Madrid : |
| Nombre del editor, distribuidor, etc. | [s.n.], |
| Fecha de publicación, distribución, etc. | 1879 ( |
| Fabricante | Imp. Central a cargo de Víctor Saiz) |
| 300 ## - DESCRIPCIÓN FÍSICA | |
| Extensión | 2 v. (CVIII, 309 ; LVII, 357 p.) ; |
| Dimensiones | 19 cm. |
| 490 1# - MENCIÓN DE SERIE | |
| Mención de serie | Biblioteca clásica ; |
| Designación de volumen o secuencia | 9-10 |
| 594 ## - Nota al título y mención de responsabilidad | |
| Nota al título y mención de responsabilidad | Prólogo del v. 2 de Menéndez Pelayo. |
| 700 1# - ENTRADA AGREGADA--NOMBRE PERSONAL | |
| Nombre de persona | Caro, Miguel Antonio, |
| Fechas asociadas al nombre | 1843-1909 |
| 9 (RLIN) | 35400 |
| 700 1# - ENTRADA AGREGADA--NOMBRE PERSONAL | |
| Nombre de persona | Menéndez y Pelayo, Marcelino, |
| Fechas asociadas al nombre | 1856-1912 |
| 9 (RLIN) | 80332 |
| 830 0# - PUNTO DE ACCESO ADICIONAL DE SERIE-TÍTULO UNIFORME | |
| Título uniforme | Biblioteca clásica ; |
| Designación de volumen o secuencia | 9-10 |
| 9 (RLIN) | 180370 |
| 852 ## - LOCALIZACIÓN | |
| Ubicación | ES-MaACL |
| Número de control de estantería | F-13290-91 |
| Nota libre | - Enc. hol. |
| Estatus retirado | Estado de pérdida | Estado de daño | No para préstamo | Colección | Biblioteca de origen | Biblioteca actual | Ubicación en estantería | Fecha de adquisición | Total de préstamos | Signatura topográfica completa | Código de barras | Visto por última vez | Precio de reemplazo | Tipo de ítem Koha |
|---|---|---|---|---|---|---|---|---|---|---|---|---|---|---|
| Libros del s. XIX | Biblioteca del Ateneo de Madrid | Biblioteca del Ateneo de Madrid | Sala Pecera Planta 2 | 17/01/2008 | F-13290-91 | 1175933 | 23/02/2023 | 23/02/2023 | Libro impreso antiguo |
